000
00406nam a2200145Ia 4500
008
100204s9999 xx 000 0 und d
082
_b
26505
100
_a
असलेकर प्रशांत
245
_a
व्याध
260
_b
मधुरा प्रकाशन ठाणे
_c
2005
300
_a
271
630
_a
व्याध
730
_a
व्याध
942
_c
BOOK
999
_c
471685
_d
471682